Report to the U.S. Congress on export credit competition and the Export-Import Bank of the United States for the period /

Bibliographic Details
Corporate Author: Export-Import Bank of the United States
Format: Government Document Serial
Language:English
Published: Washington, D.C. : Export-Import Bank of the United States
Subjects:
Online Access:https://purl.fdlp.gov/GPO/LPS24820

MARC

Tag First Indicator Second Indicator Subfields
LEADER 00000cas a2200000 a 4500
001 in00003736521
005 20211202195036.0
006 m o d f
007 cr cn|||||||||
008 021212c19uu9999dcuar so f0 0eng c
010 |z  2002230906 
029 1 |a AU@  |b 000024310367 
029 1 |a NZ1  |b 13547460 
029 1 |a NZ1  |b 16244576 
035 |a (OCoLC)ocm51210277 
040 |a GPO  |b eng  |c GPO  |d OCLCQ  |d NSD  |d OCLCQ  |d OCLCF  |d OCLCO  |d OCLCQ  |d GPO  |d MvI  |d UtOrBLW 
042 |a pcc 
043 |a n-us--- 
049 |a WWW 
074 |a 1060-A-01 (online) 
086 0 |a Y 3.EX 7/3:13/ 
110 2 |a Export-Import Bank of the United States. 
240 1 0 |a Report to the U.S. Congress on export credit competition and the Export-Import Bank of the United States for the period ... (Online) 
245 1 0 |a Report to the U.S. Congress on export credit competition and the Export-Import Bank of the United States for the period /  |c Export-Import Bank of the United States. 
246 3 |a Report to the United States Congress on export credit competition and the Export-Import Bank of the United States for the period ... 
246 1 |i Title from serial home page:  |a Competitiveness report 
246 1 |i Issue for 2013 has title:  |a Report to the U.S. Congress on the Export-Import Bank of the United States and global export credit competition 
246 1 |i Issues for 2014- have title:  |a Report to the U.S. Congress on global export credit competition 
264 1 |a Washington, D.C. :  |b Export-Import Bank of the United States 
310 |a Annual 
336 |a text  |b txt  |2 rdacontent 
337 |a computer  |b c  |2 rdamedia 
338 |a online resource  |b cr  |2 rdacarrier 
538 |a Mode of access: via Internet at the Bank web site. Formerly available at address (as of 12/10/02): http://www.exim.gov/compet/compet.html; current access is available via PURL. 
588 |a Description based on: Jan. 1, 1999 through Dec. 31, 1999; title from table of contents screen (viewed Dec. 10, 2002). 
588 |a Latest issue consulted: January 1, 2015 through December 31, 2015 (viewed Sept. 9, 2016). 
500 |a Electronic resource. 
610 2 0 |a Export-Import Bank of the United States  |v Periodicals. 
650 0 |a Export credit  |z United States  |v Periodicals. 
650 0 |a International trade  |v Periodicals.  |0 http://id.loc.gov/authorities/subjects/sh2008104829 
610 2 7 |a Export-Import Bank of the United States.  |2 fast  |0 (OCoLC)fst00537323 
650 7 |a Export credit.  |2 fast  |0 (OCoLC)fst00918681 
650 7 |a International trade.  |2 fast  |0 (OCoLC)fst00977128 
651 7 |a United States.  |2 fast  |0 (OCoLC)fst01204155 
655 7 |a Periodicals.  |2 fast  |0 (OCoLC)fst01411641 
776 0 8 |i Print version:  |a Export-Import Bank of the United States.  |t Report to the U.S. Congress on export credit competition and the Export-Import Bank of the United States for the period .  |x 1077-6729  |w (DLC) 94640999  |w (OCoLC)5622039 
856 4 0 |u https://purl.fdlp.gov/GPO/LPS24820  |t 0 
999 f f |s 9e4c4bf9-6f61-3fab-8291-f0a0243e6d05  |i d09b46ea-e35a-3d82-861a-bd8d8c2a89d0  |t 0 
952 f f |a Texas A&M University  |b College Station  |c Electronic Resources  |d Available Online  |t 0  |e Y 3.EX 7/3:13/  |h Superintendent of Documents classification 
998 f f |a Y 3.EX 7/3:13/  |t 0  |l Available Online